Statistics for Countries Closest to China - One Minute Sprint

Click here to take the quiz!

General Stats

  • This quiz has been taken 174 times
  • The average score is 17 of 20

Answer Stats

kmCountrymiles% Correct
0India0
97%
0Russia0
97%
0North Korea0
95%
0Mongolia0
93%
0Nepal0
93%
263South Korea164
90%
0Vietnam0
90%
0Bhutan0
88%
331Japan205
88%
0Laos0
88%
0Pakistan0
84%
0Burma0
82%
4Taiwan3
81%
115Thailand71
77%
0Kazakhstan0
75%
0Tajikistan0
75%
0Afghanistan0
72%
94Bangladesh58
66%
0Kyrgyzstan0
66%
108Uzbekistan67
58%

Score Distribution

Percentile by Number Answered

Percent of People with Each Score

Your Score History

You have not taken this quiz